书目信息 |
| 题名: |
十日谈
|
|
| 作者: | 薄迦丘 著 | |
| 分册: | ||
| 出版信息: | 南京 译林出版社 1993.07 |
|
| 页数: | 787页 | |
| 开本: | 32开 | |
| 丛书名: | ||
| 单 册: | ||
| 中图分类: | I546.43 | |
| 科图分类: | ||
| 主题词: | 文学 | |
| 电子资源: | ||
| ISBN: | 7-80567-525-2 | |
| 000 | 00543nam0 2200193 45 | |
| 001 | 0009141697 | |
| 005 | 20000914164636.3 | |
| 010 | @a7-80567-525-2@d25.50元 | |
| 100 | @a20000914d1993 km y0chiy0120 ea | |
| 101 | 0 | @achi |
| 105 | @a z 000yy | |
| 200 | 1 | @a十日谈@AShi Ri Tan@f(意)薄迦丘著;钱鸿嘉译@F(Yi)Bo Jia Qiu Zhu;Qian Hong Jia Yi |
| 210 | @a南京@c译林出版社@d1993.07 | |
| 215 | @a787页@d32开 | |
| 606 | 0 | @a文学 |
| 690 | @aI546.43@v3 | |
| 701 | 0 | @a薄迦丘@4著 |
| 801 | @aCN@bPftUser@c20000914 | |
| 905 | @b141592-594@dI546.43@eB681@f3 | |
| 十日谈/(意)薄迦丘著;钱鸿嘉译.-南京:译林出版社,1993.07 |
| 787页;32开 |
| ISBN 7-80567-525-2:25.50元 |
| ● |
| 相关链接 |
|
|
|
正题名:十日谈
索取号:I546.43/B681
 
预约/预借
| 序号 | 登录号 | 条形码 | 馆藏地/架位号 | 状态 | 备注 |
| 1 | 141592 | 201415922 | 文学库116/ [索取号:I546.43/B681] | 在馆 | |
| 2 | 141593 | 201415931 | 文学库116/ [索取号:I546.43/B681] | 在馆 | |
| 3 | 141594 | 201415940 | 文学库116/400B社科库 26排2列2层/ [索取号:I546.43/B681] | 在馆 |